000 00331nam a2200133Ia 4500
005 20251222141948.0
008 251222s9999||||xx |||||||||||||| ||spa||
020 _a84-8055-262-X
082 _aREF.150/C25
100 _aCanda Moreno, Fernando
245 0 _aDiccionario de PedagogĂ­a y PsicologĂ­a
264 _bENVEGA
942 _cLIB
999 _c9605
_d9605